| 000 | 00578nam a22001937a 4500 | ||
|---|---|---|---|
| 005 | 20170824164612.0 | ||
| 010 | _aENG-120070 | ||
| 020 |
_c500.00 _a9789351251651 |
||
| 035 | _aEN-103602 | ||
| 037 | _bDBAD/PUB | ||
| 082 | _a363.2092254 | ||
| 100 | _aSen, Sankar | ||
| 245 |
_aRiding memory's chariot / _cby Sankar Sen |
||
| 260 |
_aNew Delhi _bConcept Publishing Company _c2015 |
||
| 270 |
_aA/15-16,Commercial Block,Mohan Garden _bNew Delhi _e110059 |
||
| 300 |
_ax,121p. _c23cm(Hb) |
||
| 500 | _aIncludes index | ||
| 942 |
_2ddc _cEN _h363.2092254 _mSEN |
||
| 999 |
_c143803 _d143803 |
||